Travels Through France and Italy (Record no. 574385)

MARC details
000 -LEADER
fixed length control field 01418nam a2200169Ia 4500
008 - FIXED-LENGTH DATA ELEMENTS--GENERAL INFORMATION
fixed length control field 250630s9999 xx 000 0 und d
020 ## - INTERNATIONAL STANDARD BOOK NUMBER
ISBN 9781848853058
082 ## - DEWEY DECIMAL CLASSIFICATION NUMBER
Classification number 914.40434
Item number SMO
100 ## - MAIN ENTRY--AUTHOR NAME
Personal name Smollett, Tobias
245 #0 - TITLE STATEMENT
Title Travels Through France and Italy
260 ## - PUBLICATION, DISTRIBUTION, ETC. (IMPRINT)
Name of publisher Tauris Parke Paperbacks
Year of publication 2010
300 ## - PHYSICAL DESCRIPTION
Number of Pages 356 pages
500 ## - GENERAL NOTE
General note CLASSIC TRAVEL WRITING. In 1763, Tobias Smollett set sail from Folkestone to Boulogne. He would not return to England for two years, during which time he travelled extensively - and in a notoriously ill-tempered fashion - through much of France and Italy. Smollett, seemed 'determined to be pleased with nothing' and was 'sardonic, satirical and decidedly gloomy'. In Paris, everything had 'shrunk' and was twice as expensive as his last visit. Versailles was a 'dismal habitation'. In Rome, he felt that Michelangelo's "Last Judgement" resembled a mob; his inn in San Remo was more miserable than the worst alehouse in England and in Lerici he was sure he would be poisoned. And yet, there were places where even Smollett could not fail to be captivated. Funny, honest and full of subtle magic, this is a rare and revealing portrait of 18th century Europe at a time when Marie Antoinette had just become queen of all France, the Grand Tour was in its infancy and Cannes was a quiet fishing village.
650 ## - SUBJECT ADDED ENTRY--TOPICAL TERM
Topical Term History
942 ## - ADDED ENTRY ELEMENTS (KOHA)
Koha item type English Books
Holdings
Withdrawn status Lost status Damaged status Not for loan Home library Current library Shelving location Date acquired Full call number Accession Number Price effective from Koha item type
        Anna Centenary Library Anna Centenary Library 7TH FLOOR, B WING 30.06.2025 914.40434 SMO 334947 30.06.2025 English Books

Find us on the map